El estado de la prisión preventiva en la Argentina : situación actual y propuestas de cambio /
Guardado en:
| Autor Corporativo: | |
|---|---|
| Formato: | Libro |
| Idioma: | Spanish |
| Publicado: |
Buenos Aires :
INECIP,
2012
|
| Edición: | 1a. ed. |
| Materias: | |
| Etiquetas: |
Agregar Etiqueta
Sin Etiquetas, Sea el primero en etiquetar este registro!
|
| LEADER | 00529nam a22001455a 4500 | ||
|---|---|---|---|
| 001 | DER.der012236 | ||
| 008 | 180615s2012####ag#||||||||||||||#||spa|| | ||
| 005 | 20251023095928.0 | ||
| 245 | 1 | 0 | |a El estado de la prisión preventiva en la Argentina : |b situación actual y propuestas de cambio / |c INECIP. |
| 250 | |a 1a. ed. | ||
| 260 | |a Buenos Aires : |b INECIP, |c 2012 | ||
| 300 | |a 110 p. | ||
| 710 | 2 | |a Instituto de Estudios Comparados en Ciencias Penales y Sociales. | |
| 650 | 7 | |a DERECHO PROCESAL PENAL | |
| 859 | |a DERECHO |b BIB. DERECHO |h 345.05 |i INS |p 006947 | ||
